Niederländische Torschützen bei der Fußball-Europameisterschaft 2000 - Statistiken

Allgemein
  • Dieses Quiz wurde 11 mal gespielt
  • Das Durchschnittsergebnis liegt bei 8 aus 12
Antwortstatistiken
Spiel Minute Torschütze % Korrekt
Niederlande - Tschechische Republik 1-0 89' Frank de Boer
88%
Frankreich - Niederlande 2-3 51' Frank de Boer
88%
Dänemark - Niederlande 0-3 66' Ronald de Boer
88%
Dänemark - Niederlande 0-3 57' Patrick Kluivert
75%
Frankreich - Niederlande 2-3 14' Patrick Kluivert
75%
Niederlande - Jugoslawien 6-1 24' Patrick Kluivert
75%
Niederlande - Jugoslawien 6-1 38' Patrick Kluivert
75%
Niederlande - Jugoslawien 6-1 54' Patrick Kluivert
75%
Niederlande - Jugoslawien 6-1 78' Marc Overmars
38%
Niederlande - Jugoslawien 6-1 90+1' Marc Overmars
38%
Dänemark - Niederlande 0-3 77' Boudewijn Zenden
25%
Frankreich - Niederlande 2-3 59' Boudewijn Zenden
25%
Keine übereinstimmenden Quizze gefunden
Verteilung der Resultate
Anzahl Personen mit jedem Resultat
Perzentil nach korrekt beantworteten Fragen
Ihre Resultats-Entwicklung
Sie haben dieses Quiz noch nicht gespielt